| 000 | 00321 a2200121 4500 | ||
|---|---|---|---|
| 999 |
_c321870 _d321870 |
||
| 001 | 86797 | ||
| 003 | NUST | ||
| 005 | 20180123153553.0 | ||
| 008 | 180123b xxu||||| |||| 00| 0 eng d | ||
| 082 | _a297.567 ARI | ||
| 100 |
_aAl Arifi Muhammad Bin Abdur Rehman _99632 |
||
| 245 |
_aZindagi Say Lutf Utaiay _hUrdu |
||
| 260 |
_aIslamabad _bDar-ul Salam Publishers _c2012 |
||
| 300 | _a576p. | ||
| 942 |
_aCAE NUST _cBK _k297.567 ARI _2ddc |
||